00425 a2200121 4500100003500000245004300035300004000078650001800118773005500136942000700191952008800198999001700286 aDOTSE, Dickson Warlanyo926496 aPatronise tourism for health benefits  aTuesday, September 5, 2023 Pages 22 aTourism952660 x0855-1529dAccra Daily Graphic 2023tDaily Graphic cPR 001040718PRaPLbPLcTFWWd2023-09-13l0r2023-09-13 00:00:00t1w2023-09-13yPR c45871d45871